Didáctica de la lengua materna en Colombia : (Registro nro. 11558)
[ vista simple ]
| 000 - LÍDER | |
|---|---|
| campo de control de longitud fija | 01311nam a2200325 a 4500 |
| 003 - IDENTIFICADOR DE NÚMERO DE CONTROL | |
| campo de control | OSt |
| 005 - FECHA Y HORA DE LA ÚLTIMA TRANSACCIÓN | |
| campo de control | 20210818181623.0 |
| 008 - ELEMENTOS DE DATOS DE LONGITUD FIJA - INFORMACIÓN GENERAL | |
| campo de control de longitud fija | 170207s2016 ck d gr 000 0 spa d |
| 020 ## - INTERNATIONAL STANDARD BOOK NUMBER | |
| International Standard Book Number | 9789587222548 |
| 040 ## - FUENTE DE CATALOGACIÓN | |
| Lenguaje de catalogación | spa |
| Agencia de catalogación original | COMFC |
| Descripción convenciones | rda |
| 082 04 - NÚMERO DE CLASIFICACIÓN DECIMAL DEWEY | |
| Número de clasificación | 401.93 |
| Número de artículo | C197d |
| 100 1# - ENTRADA PRINCIPAL - NOMBRE PERSONAL | |
| Nombre de la persona | Cisneros Estupiñan, Mireya |
| 9 (RLIN) | 48610 |
| Término del Relator | aut |
| 245 10 - TÍTULO DECLARACIÓN | |
| Título | Didáctica de la lengua materna en Colombia : |
| Resto del título | currículos y visiones docentes / |
| Declaración de responsabilidad | Mireya Cisneros Estupiñán, Ilene Rojas García, Giohanny Olave Arias. |
| 260 ## - PUBLICACIÓN, DISTRIBUCIÓN | |
| Lugar de publicación | Pereira : |
| Nombre del editor | Universidad Tecnológica de Pereira. Facultad de Ciencias de la Educación, |
| Fecha de publicación | 2016. |
| 300 ## - DESCRIPCIÓN FÍSICA | |
| Alcance | 117 páginas : |
| Otros datos físicos | gráficas ; |
| Dimensiones | 23 cm |
| 336 ## - TIPO DE CONTENIDO | |
| Fuente | rdacontent |
| Tipo de contenido | txt |
| 337 ## - TIPO DE MEDIO | |
| Fuente | rdamedia |
| Término del tipo de medio | n |
| 338 ## - TIPO DE PORTADOR | |
| Fuente | rdacarrier |
| Término del tipo de operador | nc |
| 490 ## - DECLARACIÓN EN SERIE | |
| Estado de cuenta de la serie | Colección Trabajos de Investigación |
| 504 ## - BIBLIOGRAFÍA | |
| Bibliografía | Incluye referencias bibliográficas (páginas 111-117) |
| 650 #4 - ENTRADA DE SUJETO AÑADIDO - TÉRMINO TÓPICO | |
| Término tópico o elemento de entrada del nombre geográfico | Adquisición del lenguaje |
| Subdivisión geográfica | Colombia. |
| 650 #4 - ENTRADA DE SUJETO AÑADIDO - TÉRMINO TÓPICO | |
| Término tópico o elemento de entrada del nombre geográfico | Adquisición de segundo lenguaje |
| Subdivisión geográfica | Colombia. |
| 650 #4 - ENTRADA DE SUJETO AÑADIDO - TÉRMINO TÓPICO | |
| Término tópico o elemento de entrada del nombre geográfico | Linguística aplicada |
| Subdivisión geográfica | Colombia. |
| 650 #4 - ENTRADA DE SUJETO AÑADIDO - TÉRMINO TÓPICO | |
| Término tópico o elemento de entrada del nombre geográfico | Alfabetización (Educación) |
| Subdivisión geográfica | Colombia. |
| 650 #4 - ENTRADA DE SUJETO AÑADIDO - TÉRMINO TÓPICO | |
| Término tópico o elemento de entrada del nombre geográfico | Lenguaje nativo |
| Subdivisión general | Enseñanza |
| Subdivisión geográfica | Colombia. |
| 700 1# - ENTRADA AGREGADA - NOMBRE PERSONAL | |
| Nombre de la persona | Rojas García, Ilene. |
| 700 1# - ENTRADA AGREGADA - NOMBRE PERSONAL | |
| Nombre de la persona | Olave Arias, Giohanny. |
| 942 ## - ELEMENTOS DE ENTRADA AGREGADOS (KOHA) | |
| Fuente de clasificación o esquema de estanterías | Dewey Decimal Classification |
| Parte de clasificación | 401.93 C197d |
| Prefijo del número de llamada | 401.93 |
| Sufijo del número de llamada | C197d |
| 949 ## - INFORMACIÓN DE PROCESAMIENTO LOCAL (OCLC) | |
| a | |
| Estado de retirada | Pérdida de estatus | Fuente de clasificación o esquema de estanterías | Estado dañado | No para préstamo | Código de recogida | Ubicación permanente | Ubicación actual | Ubicación de las estanterías | Fecha de adquisición | Total de Cajas | Número Topográfico | Código de barras | Precio efectivo desde | Número de copia | Fecha de la última vez que se vio | Tipo de artículo Koha |
|---|---|---|---|---|---|---|---|---|---|---|---|---|---|---|---|---|
| Dewey Decimal Classification | General | Biblioteca Pública Departamental Comfamiliar Risaralda | Biblioteca Pública Departamental Comfamiliar Risaralda | Área General | 17/04/2017 | 401.93 C197d | 298 | 18/08/2021 | Ej. 1 | 17/04/2017 | Libro |